000 00689nam a2200229Ia 4500
001 3179
003 GE_BSU
008 181216s||||||||xx |||||||||||||| ||und||
020 _a5858730094
040 _cGE_BSU
080 _a339.1(075.8)
245 _aКонкуренция: анализ, стратегия и практика
245 _bред. А.И. Ковалев
245 _cАзоев Г.Л.
260 _aМосква
260 _bЦентр экономики и маркетинга
260 _c1996
300 _a208 с. 20 см
541 _h5 л. 20 т.
653 _aКонкуренция: анализ, стратегия и практика
942 _cBK
999 _c37221
_d37221